Fiškálny deficit a ekonomický rast v rozvíjajúcich sa ekonomikách bakalárska práca

Saved in:
Bibliographic Details
Main Author: Kubíková, Dagmar
Corporate Author: Národohospodárska fakulta EU. Katedra financií
Other Authors: Kristeľ, Marián
Format: Book
Language:Slovak
Published: Bratislava 2009
Tags: Add Tag
No Tags, Be the first to tag this record!

MARC

LEADER 00000nam$a2200000$$$4500
001 0103485
005 20240318141338.1
041 0 |a slo 
044 |a SK 
245 1 0 |a Fiškálny deficit a ekonomický rast v rozvíjajúcich sa ekonomikách  |b bakalárska práca  |c Dagmar Kubíková ; škol. Marián Kristeľ 
264 1 |a Bratislava  |c 2009 
300 |a 43 s. 
100 1 |a Kubíková, Dagmar 
700 1 |a Kristeľ, Marián 
710 2 |a Národohospodárska fakulta EU. Katedra financií